Culture Générale : Choix Multiples - Statistiques

Statistiques générales
  • Ce quiz a été pris 271 fois
  • Le résultat moyen est 6 sur 10
Statistiques - réponses
Question Réponse % Correct
Quel animal ne fait pas partie de la famille des reptiles ? Chauve-souris
95%
De quelle nationalité est Usain Bolt, le champion du monde du 100 mètres ? Jamaïcaine
94%
En mathématiques, comment appelle t-on le côté opposé à l’angle droit d’un triangle rectangle ? Hypoténuse
86%
Où se couche le soleil ? À l’ouest
83%
Quelle est la capitale du Maroc ? Rabat
82%
Combien de coupe du monde l’Angleterre a t-elle ? 1
46%
Qui succède à Louis IX en 1270 ? Philippe III
34%
Qui a gagné le Tour de France 1978 ? Bernard Hinault
33%
Qui a écrit "Le Masque de la mort rouge" en 1842 ? Edgar Allan Poe
33%
En quelle année a été effectué la première transplantation cardiaque utilisant un cœur humain ? 1967
24%
Aucun quiz correspondant
Distribution des résultats
% des personnes avec chaque résultat
Percentile par nombre de réponses
Votre historique - résultats
Vous n’avez pas pris ce quiz